[Event "North American-ch U20 Girls"]
[Site "Calgary"]
[Date "2024.08.15"]
[Round "3"]
[White "Jiang, Hanxi"]
[Black "Porat, Tori"]
[Result "1-0"]
[WhiteElo "1957"]
[BlackElo "1854"]
[PlyCount "138"]
[EventDate "2024.08.14"]
[EventType "swiss"]
[EventRounds "9"]
[EventCountry "CAN"]
[SourceTitle "CB34_2024"]
[SourceDate "2024.08.21"]
[SourceVersion "1"]
[SourceVersionDate "2024.08.21"]
[SourceQuality "1"]

1. d4 d5 2. Nf3 Nf6 3. c4 c6 4. Nc3 e6 5. e3 Nbd7 6. Bd3 dxc4 7. Bxc4 b5 8. Bd3 Bb7 9. 0-0 a6 10. e4 c5 11. e5 Nd5 12. Ne4 cxd4 13. Bg5 Qb6 14. Rc1 h6 15. Bd2 Nc5 16. Bb1 Rd8 17. Qe1 b4 18. Nd6+ Bxd6 19. exd6 Qxd6 20. Nxd4 Nf6 21. Ne2 a5 22. Be3 Ng4 23. Ng3 Na4 24. Qe2 Nxe3 25. fxe3 Qe5 26. Rf2 Nb6 27. Qh5 Qxh5 28. Nxh5 0-0 29. Rc7 Ba6 30. Bc2 Nd5 31. Ra7 Bc8 32. e4 Ne3 33. Rxa5 Bb7 34. Rb5 Bxe4 35. Bb3 Rd4 36. Nf4 Rfd8 37. h3 Rd2 38. Rb8 Kh7 39. Rxd8 Rxd8 40. Re2 Nxg2 41. Rxe4 Nh4 42. Rxb4 g5 43. Ng2 Nf3+ 44. Kf2 Ne5 45. Ke2 Kg6 46. a4 Nc6 47. Rb6 Nd4+ 48. Kf2 Ra8 49. Bd1 Kf6 50. b4 Nf5 51. a5 Ne7 52. Bf3 Rc8 53. a6 Rc2+ 54. Ke1 Ra2 55. b5 Ra1+ 56. Kd2 Nc8 57. Rb8 Nd6 58. Be2 Ne4+ 59. Ke3 Ke5 60. Bc4 Ra3+ 61. Ke2 Nd6 62. Bd3 Kd4 63. Ne1 Kc5 64. b6 Ra2+ 65. Ke3 Ra3 66. Kd2 Ra2+ 67. Nc2 Nc4+ 68. Bxc4 Kxc4 69. a7 Kd5 1-0

[Event "Canadian zt (Women)"]
[Site "Toronto"]
[Date "2024.04.01"]
[Round "7"]
[White "Jiang, Hanxi"]
[Black "Zhang, Michelle1"]
[Result "0-1"]
[WhiteElo "1771"]
[BlackElo "1885"]
[PlyCount "70"]
[EventDate "2024.03.28"]
[EventType "team-swiss"]
[EventRounds "9"]
[EventCountry "CAN"]
[SourceTitle "CB15_2024"]
[SourceDate "2024.04.10"]
[SourceVersion "1"]
[SourceVersionDate "2024.04.10"]
[SourceQuality "1"]

1. d4 d5 2. c4 c6 3. Nf3 Nf6 4. Nc3 e6 5. e3 Nbd7 6. Bd3 dxc4 7. Bxc4 b5 8. Bb3 Bb7 9. 0-0 b4 10. Na4 Be7 11. Qe2 a5 12. Rd1 0-0 13. e4 Ba6 14. Qc2 Rc8 15. Bf4 c5 16. Nxc5 Nxc5 17. dxc5 Qe8 18. Be3 Ng4 19. Bd4 e5 20. h3 exd4 21. hxg4 d3 22. Qd2 Bxc5 23. Bd5 Qe7 24. g3 Qd7 25. Ne5 Qc7 26. Qg5 Bd4 27. Rac1 Qxe5 28. Qxe5 Bxe5 29. Bc6 Bxb2 30. Rc5 Bd4 31. Rd5 Bc3 32. Bd7 Rcd8 33. Kg2 d2 34. Rh1 Be2 35. Bf5 g6 0-1

[Event "Canadian zt (Women)"]
[Site "Toronto"]
[Date "2024.03.30"]
[Round "4"]
[White "Jiang, Hanxi"]
[Black "Guan, Isabelle"]
[Result "1-0"]
[WhiteElo "1771"]
[BlackElo "1474"]
[PlyCount "129"]
[EventDate "2024.03.28"]
[EventType "team-swiss"]
[EventRounds "9"]
[EventCountry "CAN"]
[SourceTitle "CB15_2024"]
[SourceDate "2024.04.10"]
[SourceVersion "1"]
[SourceVersionDate "2024.04.10"]
[SourceQuality "1"]

1. d4 Nf6 2. c4 e6 3. Nf3 b6 4. Nc3 Bb4 5. Bd2 Bb7 6. e3 Qe7 7. Bd3 Bxc3 8. Bxc3 d6 9. Qc2 Nbd7 10. Rd1 e5 11. dxe5 dxe5 12. Bf5 0-0 13. Bxd7 Nxd7 14. Qf5 Rad8 15. Nxe5 Nxe5 16. Qxe5 Qxe5 17. Bxe5 Rxd1+ 18. Kxd1 Bxg2 19. Rg1 Bf3+ 20. Kd2 f6 21. Bf4 Rd8+ 22. Kc3 c5 23. h4 Be4 24. b3 Rd3+ 25. Kb2 Rd2+ 26. Ka3 Rxf2 27. Bb8 a6 28. Ba7 b5 29. cxb5 axb5 30. Bxc5 Rc2 31. Kb4 Bc6 32. a3 Rb2 33. Bd4 Rf2 34. Rc1 Bd7 35. Rc5 Ra2 36. Rc7 Be8 37. Re7 Bc6 38. Kc5 Kf8 39. Rc7 Be8 40. Kb6 Rh2 41. Bc5+ Kg8 42. Re7 Kf8 43. e4 Rxh4 44. e5 f5 45. e6 g5 46. Rf7+ Kg8 47. Rf8+ Kg7 48. Rxe8 Re4 49. e7 f4 50. Rd8 Kf7 51. Rf8+ Kg7 52. e8Q Rxe8 53. Rxe8 f3 54. a4 bxa4 55. bxa4 g4 56. Bf2 h5 57. a5 Kf7 58. Rh8 Kg6 59. a6 Kg5 60. a7 Kf4 61. a8Q g3 62. Rf8+ Kg4 63. Qxf3+ Kg5 64. Qxg3+ Kh6 65. Rh8# 1-0